| 000 | 00540nam a2200193Ia 4500 | ||
|---|---|---|---|
| 003 | GCL | ||
| 008 | 140319s9999 xx 000 0 eng d | ||
| 040 |
_aGCL / _cGCL |
||
| 082 | 0 | 4 |
_a724 _bS A |
| 100 | 1 | _aSTEELE, JAMES | |
| 245 | 1 | 0 |
_aARCHITECTURE FOR ISLAMIC SOCIETIES TODAY / _cSTEELE, JAMES |
| 260 |
_a[S.N] : _bTHE AGAKHAN AWARD FOR ARCHITECTURE ، _c1994 |
||
| 300 | _a152 P | ||
| 650 | 0 | 4 | _aشيعة |
| 650 | 0 | 4 | _aARCHITECTURE |
| 650 | 0 | 4 | _aARCHITECTURE, MODERN 20 th CENTURY |
| 650 | 0 | 4 | _aMODERN ARCHITECTURE |
| 942 |
_2ddc _cBK |
||
| 999 |
_c14320 _d14320 |
||